000 00760nam a2200241Ia 4500
003 OSt
005 20220925210957.0
006 a|||||r|||| 00| 0
007 ta
008 220923b |||||||| |||| 00| 0 eng d
037 _cGeneral Book
040 _aRTL
_cRTL
_beng
041 _2eng
_aeng
082 _aU.237.N8, M8
100 _aSharma M L Ed.
_924258
245 0 _aGeographical portrait
_b Proceedings of xix all Rajasthan geographical confrence
260 _aJaipur
_bRajasthan Geographical Associaiton India
_c1988
300 _a100p.
_ccm.
490 _aRajasthan geographical conference proceedings ,19
650 _aIndian Geography
942 _hU.237.N8, M8
_cGB
_2CC
999 _c556378
_d556378